000 01781nam0a2200409 4500
001 RU\NLR\DIGIT\112006
005 201612062234
035 _a(NLR Aleph) 010170854
035 _arc\1779083
090 _a10131570
_c10131570
100 _a20111024d1913 u y0rusy50 ca
101 0 _arus
102 _aRU
105 _aa z |||a|
135 _acoco 024aaaaa
200 1 _aКузнецы-кузнечики
_e[Повесть для детей]
_fИ.А. Любич-Кошуров
_gС рис. А. Кучеренко
205 _a2-е изд.
210 _aМосква
_cД.П. Ефимов
_d1913
215 _a60 с.
_cил.
_d22
300 _aВ 1-м изд. на обл.: С ил. Л.[!] Кучеренко
300 _aЭл.копия создана на основе экземпляра РГБ
325 _aКопия доступна в Электрон. б-ке РНБ http://vivaldi.nlr.ru/bx000005962/view
700 1 _6z01790
_aЛюбич-Кошуров
_bИ. А.
_f1872-1934 или 1937
_gИоасаф Арианович
702 1 _aКучеренко
_bА. А.
_gАлександр Александрович
_4440
790 1 _6z01700
_aКошуров
_bИ. А.
_f1872-1934 или 1937
_gИоасаф Арианович
801 0 _aRU
_bNLR
_c20070628
_gpsbo
801 0 _aRU
_bРГБ
_c20070628
_gRCR
_2psbo
801 1 _aRU
_bProSoft-M
_c20070628
_2rusmarc
856 0 _uhttp://vivaldi.nlr.ru/bx000005962/view
856 1 _uhttp://vivaldi.nlr.ru/bx000005962/cover
856 2 _uhttp://vivaldi.nlr.ru/bx000005962/text
899 _aРГБ
899 _aРГБ
942 _cBOOK
980 _aNB
981 3 3 _a(33) Художественная литература
_b(33) Отечественная литература